Jani Vicentii Gravinae Jurisconsulti de Romano Imprerio (Record no. 8728)

MARC details
000 -CABECERA
campo de control de longitud fija 00549nam a2200169 a 4500
001 - NÚMERO DE CONTROL
campo de control BRCA_9078
005 - FECHA Y HORA DE LA ÚLTIMA TRANSACCIÓN
campo de control 20190320210520.0
008 - DATOS DE LONGITUD FIJA--INFORMACIÓN GENERAL
campo de control de longitud fija 060917s1705----sp-#######---#000-0#lat-#
041 ## - CÓDIGO DE LENGUA
Código de lengua del texto/banda sonora o título independiente lat
084 ## - OTRO NÚMERO DE CLASIFICACIÓN
Número de clasificación CO33
Número de documento/Ítem .J36 1705
245 10 - MENCIÓN DE TÍTULO
Título Jani Vicentii Gravinae Jurisconsulti de Romano Imprerio
Resto del título liber singularis ad S. P. Q. R.
-- 1705
300 ## - DESCRIPCIÓN FÍSICA
Extensión 660 p. (t.3)
Dimensiones 24 x 19 cm
500 ## - NOTA GENERAL
Nota general Estado físico: presenta encuadernación en pergamino con cintas rotas y presencia del pez de plata
500 ## - NOTA GENERAL
Nota general Sin portada
902 ## - CATALOGADOR
Iniciales CFM
942 ## - ELEMENTOS DE PUNTO DE ACCESO ADICIONAL (KOHA)
Fuente del sistema de clasificación o colocación Library of Congress Classification
Tipo de ítem Koha Libros
Holdings
Estado de retiro Estado de pérdida Estado dañado No para préstamo Localización permanente Ubicación/localización actual Fecha de adquisición Total de préstamos Signatura topográfica completa Código de barras Fecha visto por última vez Precio válido a partir de Tipo de ítem Koha
El ejemplar forma parte de la colección y puede ser consultado según las políticas vigentes.       Biblioteca del Museo Franz Mayer (Rogerio Casas-Alatriste) Biblioteca del Museo Franz Mayer (Rogerio Casas-Alatriste) 06/09/2017   CO33 .J36 1705 CFM00435 22/03/2019 22/03/2019 Libros